[Event "Titled Tue 24th Jun Early"]
[Site "chess.com INT"]
[Date "2025.06.24"]
[Round "10"]
[White "Aaron, Deepak"]
[Black "Piesik, Piotr"]
[Result "1-0"]
[BlackTitle "IM"]
[WhiteElo "2318"]
[BlackElo "2436"]
[WhiteFideId "2009412"]
[BlackFideId "1136194"]
[EventDate "2025.06.24"]

1. c4 c6 2. Nf3 d5 3. e3 Nf6 4. b3 Bg4 5. Bb2 e6 6. Be2 Nbd7 7. O-O Bd6 8. d3
O-O 9. Nbd2 a5 10. a3 Qe7 11. e4 dxe4 12. Nxe4 Nxe4 13. dxe4 Bxf3 14. Bxf3 Be5
15. Qc1 Qf6 16. Ra2 Nc5 17. Bxe5 Qxe5 18. Qc2 Rfd8 19. b4 Nd3 20. Rd1 Nf4 21. g3
Ng6 22. b5 Qc5 23. bxc6 bxc6 24. Raa1 Ne5 25. Be2 g6 26. Kg2 Nd7 27. Rd3 Nf6 28.
Rad1 Rxd3 29. Qxd3 Kg7 30. f4 e5 31. Qd6 Nxe4 32. Qxc5 Nxc5 33. fxe5 Re8 34. Bf3
Rxe5 35. Bxc6 Re2+ 36. Kg1 Rc2 37. Bd5 Rc3 38. Rb1 Rxa3 39. Rb5 Nd3 40. Rb7 Ne5
41. Kf2 g5 42. Ra7 h5 43. c5 Rd3 44. Be4 Rd4 45. Bb1 Rb4 46. Ba2 a4 47. Bd5 Kg6
48. c6 Rb2+ 49. Kf1 Rd2 50. c7 Rc2 51. Be4+ 1-0

[Event "Titled Tue 24th Jun Early"]
[Site "chess.com INT"]
[Date "2025.06.24"]
[Round "10"]
[White "Milanovic, Vojislav"]
[Black "Ismagilov, Damir"]
[Result "1-0"]
[WhiteTitle "IM"]
[BlackTitle "CM"]
[WhiteElo "2293"]
[BlackElo "2173"]
[WhiteFideId "905046"]
[BlackFideId "34199982"]
[EventDate "2025.06.24"]

1. e4 c5 2. Nf3 e6 3. d3 Nc6 4. g3 Nf6 5. Bg2 d6 6. O-O g6 7. c3 Bg7 8. Nbd2 O-O
9. a4 e5 10. Nc4 h6 11. h3 b6 12. Ne3 Be6 13. Nd2 d5 14. exd5 Nxd5 15. Ndc4 Rc8
16. Re1 Nxe3 17. Bxe3 Qd7 18. Kh2 Rfd8 19. Qc1 Qxd3 20. Bf1 Qf5 21. g4 Qf6 22.
Kg1 Qh4 23. a5 b5 24. Nd2 Nd4 25. Bg2 f5 26. gxf5 gxf5 27. Qd1 f4 28. Bxd4 cxd4
29. Nf3 Qf6 30. cxd4 exd4 31. Qe2 Bc4 32. Qe7 Qxe7 33. Rxe7 d3 34. Nd2 Bxb2 35.
Rae1 Bc3 36. Rd1 a6 37. Be4 Re8 38. Rxe8+ Rxe8 39. f3 Rd8 40. Kh2 Kf7 41. Nb1
Bxa5 42. Nd2 Bxd2 43. Rxd2 Kf6 44. Kg2 Ke5 45. Kf2 Kd4 46. Rd1 a5 47. Ra1 a4 48.
Ke1 Ke3 49. Kf1 1-0

[Event "Titled Tue 24th Jun Early"]
[Site "chess.com INT"]
[Date "2025.06.24"]
[Round "10"]
[White "Warchol, Kamil"]
[Black "Hartge, Gedeon"]
[Result "1-0"]
[WhiteTitle "FM"]
[BlackTitle "FM"]
[WhiteElo "2113"]
[BlackElo "2328"]
[WhiteFideId "21858241"]
[BlackFideId "12932116"]
[EventDate "2025.06.24"]

1. b4 d5 2. Bb2 Bg4 3. Nf3 Nd7 4. a3 Ngf6 5. e3 e5 6. Be2 Bd6 7. d3 O-O 8. O-O
Qe7 9. c4 c6 10. Nc3 h6 11. h3 Bh5 12. Rc1 Rfe8 13. cxd5 cxd5 14. Nb5 a6 15.
Nxd6 Qxd6 16. Qc2 Rac8 17. Qxc8 Rxc8 18. Rxc8+ Kh7 19. Rfc1 Bg6 20. R8c7 Qb6 21.
Nxe5 Nxe5 22. Bxe5 Qb5 23. Bxf6 gxf6 24. Re7 b6 25. h4 h5 26. Rec7 Bxd3 27. a4
Qxb4 28. Bxd3+ Kg7 29. Bxa6 Qxa4 30. Bc8 Kg6 31. Bd7 Qa3 32. R7c3 Qd6 33. Bc6 d4
34. Rd3 f5 35. Rxd4 Qa3 36. Rcd1 f6 37. Bf3 b5 38. Rd8 b4 39. Rg8+ Kf7 40. Bd5+
Ke7 41. Rg7+ Kd6 42. Bf3+ Ke5 43. Rb7 b3 44. Rb1 1-0

[Event "Titled Tue 24th Jun Early"]
[Site "chess.com INT"]
[Date "2025.06.24"]
[Round "10"]
[White "Zeliantsova, Kseniya"]
[Black "Abramor, Franco"]
[Result "0-1"]
[WhiteTitle "WFM"]
[WhiteElo "2062"]
[BlackElo "2167"]
[WhiteFideId "13512617"]
[BlackFideId "181633"]
[EventDate "2025.06.24"]

1. e4 Nf6 2. e5 Nd5 3. d4 d6 4. c4 Nb6 5. exd6 exd6 6. Nc3 Be7 7. Nf3 O-O 8. Be2
Re8 9. O-O Bf6 10. Be3 Bg4 11. b3 Nc6 12. Rc1 d5 13. c5 Nd7 14. Nxd5 Nf8 15.
Nxf6+ Qxf6 16. h3 Bxf3 17. Bxf3 Rad8 18. Bxc6 Qxc6 19. Qd3 Rd5 20. Rfd1 Ne6 21.
b4 Red8 22. b5 Qd7 23. c6 bxc6 24. Rxc6 h6 25. Qc4 Qe7 26. a4 Qf6 27. Ra6 g5 28.
Rxa7 h5 29. Qc6 Kg7 30. a5 g4 31. b6 cxb6 32. axb6 R8d6 33. Qb7 Nd8 34. Qc8 Nc6
35. Rc7 Ne7 36. Qb8 Rxb6 37. Qa7 Re6 38. Re1 Rf5 39. Rd1 g3 40. d5 gxf2+ 41. Kf1
Rxe3 42. d6 Nd5 43. d7 Re1+ 44. Rxe1 fxe1=Q+ 45. Kxe1 Nxc7 46. Qxc7 Qe5+ 47.
Qxe5+ Rxe5+ 48. Kf2 Rd5 0-1

[Event "Titled Tue 24th Jun Early"]
[Site "chess.com INT"]
[Date "2025.06.24"]
[Round "10"]
[White "Omariev, Maksim"]
[Black "Zong, Davis"]
[Result "1-0"]
[WhiteTitle "FM"]
[BlackTitle "FM"]
[WhiteElo "2304"]
[BlackElo "2242"]
[WhiteFideId "4193423"]
[BlackFideId "30903955"]
[EventDate "2025.06.24"]

1. g4 d5 2. Bg2 Bxg4 3. c4 c6 4. Qb3 Nf6 5. Qxb7 Nbd7 6. Nc3 e6 7. Qxc6 Rc8 8.
Qa6 Rxc4 9. b3 Rc8 10. Ba3 Bc5 11. h3 Bf5 12. Bxc5 Nxc5 13. Qxa7 O-O 14. Nf3 Qd6
15. Na4 Nfe4 16. Nxc5 Nxc5 17. Qa5 e5 18. O-O d4 19. d3 f6 20. b4 Ne6 21. Rfc1
Nf4 22. Kf1 Qd7 23. Ng1 h5 24. h4 Be6 25. Bf3 Bd5 26. Bxd5+ Nxd5 27. b5 Nc3 28.
b6 Qg4 29. Nf3 Qh3+ 30. Ke1 Qh1+ 31. Kd2 Qg2 32. Rf1 Qg4 33. Qb4 Nd5 34. Qb3 Qe6
35. a4 Rc6 36. a5 Rfc8 37. Rfc1 Rxc1 38. Rxc1 Rxc1 39. Kxc1 Qc6+ 40. Kd2 Kh7 41.
Qc4 Qd6 42. b7 Nc3 43. Qb3 Qb8 44. Qb6 Nd5 45. Qb3 Nc3 46. a6 e4 47. Nxd4 1-0

[Event "Titled Tue 24th Jun Early"]
[Site "chess.com INT"]
[Date "2025.06.24"]
[Round "10"]
[White "Jimenez Salas, Maria Teresa"]
[Black "Vaganian, Rafael A"]
[Result "1/2-1/2"]
[WhiteTitle "WIM"]
[BlackTitle "GM"]
[WhiteElo "2170"]
[BlackElo "2449"]
[WhiteFideId "3843866"]
[BlackFideId "13300016"]
[EventDate "2025.06.24"]

1. e4 e6 2. d4 d5 3. Nc3 Bb4 4. e5 b6 5. Qg4 Bf8 6. Nh3 Ba6 7. Bg5 Qd7 8. Bxa6
Nxa6 9. O-O-O h6 10. Bh4 h5 11. Qf3 Be7 12. Bxe7 Nxe7 13. Ng5 Nf5 14. h3 c5 15.
dxc5 bxc5 16. g4 Nd4 17. Qf4 Qb7 18. Nf3 Rb8 19. Nxd4 Qxb2+ 20. Kd2 cxd4 21.
Qxd4 Nb4 22. Rc1 O-O 23. gxh5 Rfc8 24. Rhg1 Qxc3+ 25. Qxc3 Rxc3 26. Kxc3 Nxa2+
27. Kd2 Nxc1 28. Rxc1 Kh7 29. Ra1 Rb7 30. Rg1 Kh6 31. Rg4 a5 32. Kc3 Rb4 33.
Rxb4 axb4+ 34. Kxb4 Kxh5 35. Kc5 Kg5 36. Kd6 Kf5 37. Ke7 Kxe5 38. Kxf7 g5 39.
Kg6 Kf4 40. Kf6 e5 41. Ke6 d4 42. Kd5 Kf5 43. f3 Kf4 44. Kd6 Kf5 45. Kd5 Kf4 46.
Ke6 Kxf3 47. Kxe5 Kg3 48. Kf5 Kxh3 49. Kxg5 Kg3 50. Kf5 Kf3 51. Ke5 Ke3 52. Kd5
d3 53. cxd3 Kxd3 1/2-1/2

[Event "Titled Tue 24th Jun Early"]
[Site "chess.com INT"]
[Date "2025.06.24"]
[Round "10"]
[White "Gibala, Adam"]
[Black "Lesueur, Gabriel"]
[Result "1-0"]
[WhiteTitle "CM"]
[BlackTitle "FM"]
[WhiteElo "2245"]
[BlackElo "2278"]
[WhiteFideId "21070288"]
[BlackFideId "45186359"]
[EventDate "2025.06.24"]

1. e4 e5 2. Nf3 Nf6 3. Nxe5 d5 4. exd5 Qxd5 5. d4 Nc6 6. Nxc6 Qxc6 7. Nc3 Bb4 8.
Bd2 O-O 9. Ne2 Bd6 10. Bg5 Ne4 11. Be3 Bf5 12. c3 Rfe8 13. d5 Qb5 14. Qb3 Qa5
15. Nd4 Bg6 16. Qb5 Qb6 17. Be2 Re5 18. Qxb6 axb6 19. c4 Bb4+ 20. Kd1 Rae8 21.
Bf3 Bc5 22. Re1 f5 23. Bxe4 Rxe4 24. Ne6 Rxc4 25. Nxc5 bxc5 26. Kd2 Rce4 27. f3
R4e5 28. Bf2 Rxd5+ 29. Kc3 Red8 30. Be3 b6 31. Kc4 Rd3 32. Bf4 Bf7+ 33. Kb5 R8d7
34. Kc6 g6 35. Bxc7 Rd2 36. Kxb6 Rxb2+ 37. Kc6 Rdd2 38. Bd6 Rxg2 39. Bxc5 Rxh2
40. Re7 Rxa2 41. Rd1 Rhc2 42. Rd8+ Kg7 43. Rdd7 Ra6+ 44. Kb5 Ra5+ 45. Kxa5 Rxc5+
46. Kb6 1-0

[Event "Titled Tue 24th Jun Early"]
[Site "chess.com INT"]
[Date "2025.06.24"]
[Round "10"]
[White "Bratovic, Blaz"]
[Black "Gonzalez Guedes, Iyan"]
[Result "0-1"]
[WhiteTitle "IM"]
[BlackTitle "FM"]
[WhiteElo "2319"]
[BlackElo "2238"]
[WhiteFideId "14603551"]
[BlackFideId "24524131"]
[EventDate "2025.06.24"]

1. e4 c5 2. Nf3 d6 3. d4 cxd4 4. Nxd4 Nf6 5. Nc3 a6 6. Bg5 Nbd7 7. Bc4 Qc7 8.
Bb3 h6 9. Be3 Nc5 10. f3 g6 11. Qd2 Bg7 12. O-O-O b5 13. Nd5 Nxd5 14. Bxd5 Bb7
15. Kb1 Rc8 16. g4 h5 17. h4 Na4 18. f4 Nb6 19. Bxb7 Nc4 20. Qd3 Qxb7 21. Bc1 a5
22. Rhe1 hxg4 23. f5 Ne5 24. Qxb5+ Qxb5 25. Nxb5 Nf3 26. Rf1 Rxh4 27. fxg6 fxg6
28. a4 Rh2 29. c3 Re2 30. Rh1 Rc4 31. Rh7 Kf8 32. Bh6 Bxh6 33. Rxh6 Kg7 34. Rhh1
g3 35. Nd4 Rxd4 36. cxd4 g2 37. Rhg1 Rf2 38. Ka2 Nxg1 39. Rxg1 Kh6 40. Ka3 Kh5
41. b4 axb4+ 42. Kxb4 Kh4 43. a5 Kh3 44. a6 Rf1 0-1

[Event "Titled Tue 24th Jun Early"]
[Site "chess.com INT"]
[Date "2025.06.24"]
[Round "10"]
[White "Vlassov, Nikolai"]
[Black "Moroni, Luca Jr"]
[Result "0-1"]
[WhiteTitle "IM"]
[BlackTitle "GM"]
[WhiteElo "2291"]
[BlackElo "2549"]
[WhiteFideId "4103360"]
[BlackFideId "865834"]
[EventDate "2025.06.24"]

1. e4 c5 2. c3 d5 3. exd5 Qxd5 4. d4 Nc6 5. Nf3 Nf6 6. Be3 cxd4 7. cxd4 Bg4 8.
Nc3 Qa5 9. h3 Bxf3 10. Qxf3 e6 11. Bb5 Rc8 12. O-O Bb4 13. Bg5 Bxc3 14. Bxc6+
Rxc6 15. Bxf6 gxf6 16. Qxf6 Rg8 17. bxc3 Qh5 18. Kh2 Rxc3 19. Qf4 Kd7 20. Rac1
Rgc8 21. Rxc3 Rxc3 22. Re1 Qf5 23. Qxf5 exf5 24. Re5 f4 25. Rf5 Ke6 26. Rxf4 Ra3
27. d5+ Ke7 28. d6+ Kxd6 29. Rxf7 b5 30. Rxh7 b4 31. Rb7 a5 32. h4 Rxa2 33. h5
Kc6 34. Rb8 Rxf2 35. Kh3 Rf7 36. g4 Ra7 37. g5 Kc5 38. g6 a4 39. h6 a3 40. g7 a2
41. g8=Q a1=Q 42. Rc8+ Kb5 43. Qc4+ Ka4 0-1

[Event "Titled Tue 24th Jun Early"]
[Site "chess.com INT"]
[Date "2025.06.24"]
[Round "10"]
[White "Aadya, Gupta"]
[Black "Logachiov, Aleksandr"]
[Result "1-0"]
[WhiteTitle "WFM"]
[BlackTitle "CM"]
[WhiteElo "1923"]
[BlackElo "2129"]
[WhiteFideId "25778293"]
[BlackFideId "24123706"]
[EventDate "2025.06.24"]

1. d4 Nf6 2. c4 e6 3. Nf3 b6 4. g3 Ba6 5. e3 Be7 6. Nbd2 d5 7. b3 O-O 8. Bg2 c5
9. O-O Nbd7 10. Bb2 cxd4 11. exd4 Rc8 12. Rc1 dxc4 13. bxc4 Qc7 14. Re1 Bb7 15.
Qb3 Qb8 16. Nf1 Qa8 17. d5 Nc5 18. Qe3 Rfe8 19. dxe6 Nxe6 20. Nh4 Bxg2 21. Nxg2
Qb7 22. h4 Qa6 23. Qb3 Ng4 24. Nfe3 Nxe3 25. Nxe3 Bc5 26. Nf5 Qb7 27. Qc3 f6 28.
h5 Ng5 29. Ne3 Qf3 30. Kf1 Nh3 31. Rc2 Rcd8 32. Rd2 Rxd2 33. Qxd2 Qxh5 34. Kg2
Ng5 35. Qd5+ Kh8 36. Rh1 Qg6 37. Nf5 Ne4 38. Bc1 Nxf2 39. Bf4 Ng4 40. Qd7 Rg8
41. Re1 Nh6 42. Re8 Rxe8 43. Bxh6 1-0

[Event "Titled Tue 24th Jun Early"]
[Site "chess.com INT"]
[Date "2025.06.24"]
[Round "10"]
[White "Garde, Guillaume"]
[Black "Murawski, Jan"]
[Result "0-1"]
[WhiteTitle "CM"]
[BlackTitle "CM"]
[WhiteElo "2211"]
[BlackElo "2164"]
[WhiteFideId "45138273"]
[BlackFideId "21009287"]
[EventDate "2025.06.24"]

1. d4 Nf6 2. Nf3 d5 3. e3 c5 4. Nbd2 Nc6 5. Bb5 cxd4 6. exd4 Bg4 7. c3 e6 8. Qa4
Qb6 9. Ne5 Rc8 10. Nxg4 Nxg4 11. h3 Nf6 12. O-O Bd6 13. Nf3 O-O 14. Bd3 Ne4 15.
Bxe4 dxe4 16. Ng5 f5 17. Nxe6 Rfe8 18. Nf4 Qa5 19. Qxa5 Nxa5 20. Nd5 Nc4 21. b3
Nb6 22. Nxb6 axb6 23. c4 Bb4 24. Bb2 b5 25. a3 Bd2 26. cxb5 Rc2 27. Rab1 e3 28.
fxe3 Rxe3 29. Bc1 Re2 30. Bxd2 Rcxd2 31. Rxf5 Rxg2+ 32. Kf1 Rh2 33. Rg5 Rxh3 34.
Kg1 Rxd4 35. Rg2 Rdd3 36. Rgb2 Rdg3+ 37. Kf2 h5 38. a4 h4 39. a5 Rh2+ 40. Kf1
Rh1+ 41. Kf2 Rxb1 42. Rxb1 Rg5 43. a6 bxa6 44. bxa6 Ra5 45. b4 Rxa6 46. b5 Rb6
47. Rh1 g5 48. Rb1 Kg7 49. Kf3 Kg6 50. Kg4 Rf6 0-1

[Event "Titled Tue 24th Jun Early"]
[Site "chess.com INT"]
[Date "2025.06.24"]
[Round "10"]
[White "Giri, Anish"]
[Black "Shimanov, Aleksandr"]
[Result "0-1"]
[WhiteTitle "GM"]
[BlackTitle "GM"]
[WhiteElo "2748"]
[BlackElo "2578"]
[WhiteFideId "24116068"]
[BlackFideId "4198603"]
[EventDate "2025.06.24"]

1. Nf3 d5 2. g3 Bg4 3. Bg2 Nd7 4. h3 Bh5 5. O-O c6 6. d4 e6 7. c4 Be7 8. Nc3
Bxf3 9. Bxf3 dxc4 10. b3 cxb3 11. Qxb3 Nb6 12. a4 Rb8 13. a5 Nd5 14. Nxd5 cxd5
15. Bf4 Bd6 16. Qa4+ Ke7 17. Bd2 Nf6 18. Rfb1 Qd7 19. Qd1 Rhc8 20. Bg5 Kf8 21.
Bxf6 gxf6 22. e4 dxe4 23. Bxe4 f5 24. Bf3 Be7 25. d5 e5 26. d6 Qxd6 27. Qxd6
Bxd6 28. Bxb7 Rc2 29. a6 Bc5 30. Rf1 Rd8 31. Rac1 Bxf2+ 32. Kg2 Rxc1 33. Rxc1
Rd2 34. g4 Bb6+ 35. Kg3 Rd3+ 36. Kg2 f4 37. Bf3 Rd2+ 38. Kh1 Rf2 39. Be4 Re2 40.
Bf3 Re3 41. Bd5 Rxh3+ 42. Kg2 Rg3+ 43. Kh2 Rxg4 44. Rc8+ Kg7 45. Rb8 Bg1+ 46.
Kh1 f5 47. Rg8+ Kf6 48. Rxg4 fxg4 49. Kxg1 Kf5 50. Bb7 e4 51. Bc8+ Kg5 52. Kf2
h5 53. Bb7 e3+ 54. Ke2 h4 55. Be4 h3 56. Bd5 Kh4 0-1

[Event "Titled Tue 24th Jun Early"]
[Site "chess.com INT"]
[Date "2025.06.24"]
[Round "10"]
[White "Dehtiarov, Roman"]
[Black "Ugarte Soto, Cesar"]
[Result "1-0"]
[WhiteTitle "FM"]
[BlackTitle "CM"]
[WhiteElo "2416"]
[BlackElo "2088"]
[WhiteFideId "14186640"]
[BlackFideId "3601331"]
[EventDate "2025.06.24"]

1. e4 c5 2. Nf3 d6 3. d4 cxd4 4. Nxd4 Nf6 5. Nc3 g6 6. Be2 Bg7 7. O-O h5 8. f3
a6 9. Be3 Nbd7 10. Qd2 Qc7 11. Rad1 b5 12. a4 b4 13. Na2 a5 14. Nb5 Qb8 15. c3
bxc3 16. Naxc3 Ba6 17. f4 Bb7 18. Bf3 O-O 19. Bd4 e5 20. Be3 exf4 21. Bxf4 Ne5
22. Qxd6 Qxd6 23. Rxd6 Nxf3+ 24. gxf3 Rfc8 25. Rfd1 Bc6 26. Bg5 Ne8 27. Rd8 Rxd8
28. Rxd8 Rxd8 29. Bxd8 Be5 30. Bxa5 Nd6 31. Nxd6 Bxd6 32. Nb5 Bc5+ 33. Kg2 Kf8
34. Bc3 Ke7 35. b3 f5 36. exf5 gxf5 37. Kg3 Ke6 38. Nd4+ Bxd4 39. Bxd4 Kd5 40.
Bb2 Kc5 41. Ba3+ Kd4 42. Bb2+ Kd3 43. a5 Bb5 44. Be5 Kc2 45. b4 Kd3 46. Kf4 Ke2
47. h4 Kf2 48. Bd6 Kg2 49. Bc5 Ba6 50. Kxf5 Kxf3 51. Kg5 1-0

[Event "Titled Tue 24th Jun Early"]
[Site "chess.com INT"]
[Date "2025.06.24"]
[Round "10"]
[White "Gruzman, Ilya"]
[Black "Kawka, Milena"]
[Result "0-1"]
[WhiteTitle "CM"]
[BlackTitle "WCM"]
[WhiteElo "2165"]
[BlackElo "2003"]
[WhiteFideId "2812703"]
[BlackFideId "21095167"]
[EventDate "2025.06.24"]

1. d4 Nf6 2. c4 e6 3. Nf3 Bb4+ 4. Nbd2 b6 5. a3 Bxd2+ 6. Qxd2 Bb7 7. e3 Ne4 8.
Qc2 O-O 9. Be2 f5 10. b4 d6 11. Bb2 Nd7 12. O-O Rf6 13. d5 e5 14. Bd3 c6 15.
Bxe4 fxe4 16. Qxe4 cxd5 17. cxd5 Rg6 18. Qd3 Nf6 19. e4 Nh5 20. Bc1 Qf6 21. Ra2
Rf8 22. Ne1 Qh4 23. g3 Qh3 24. Ng2 Nf6 25. f3 Nh5 26. Rc2 Nf4 27. Bxf4 exf4 28.
g4 Rh6 29. Ne1 Rg6 30. Qe2 h5 31. Qg2 Qh4 32. h3 hxg4 33. fxg4 Ba6 34. Nf3 Qf6
35. Rd1 Qe7 36. Qf2 Qxe4 37. Re1 Qxd5 38. Rd2 Qc6 39. Nd4 Qc3 40. Qf3 Qc4 41.
Nf5 Rgf6 42. Ne7+ Kh8 43. Qf2 f3 0-1

[Event "Titled Tue 24th Jun Early"]
[Site "chess.com INT"]
[Date "2025.06.24"]
[Round "10"]
[White "Swara Lakshmi S Nair"]
[Black "Osinovsky, Stepan"]
[Result "1-0"]
[WhiteTitle "WCM"]
[BlackTitle "FM"]
[WhiteElo "2187"]
[BlackElo "2240"]
[WhiteFideId "25629239"]
[BlackFideId "4157354"]
[EventDate "2025.06.24"]

1. e4 e5 2. Nf3 Nc6 3. d4 exd4 4. Nxd4 Bc5 5. Nb3 Bb6 6. Nc3 Nf6 7. Bg5 h6 8.
Bh4 O-O 9. Qe2 a5 10. a4 Nd4 11. Qd3 Nxb3 12. cxb3 Re8 13. O-O-O c6 14. f4 d5
15. e5 g5 16. fxg5 Ng4 17. Qg3 hxg5 18. Bd3 gxh4 19. Qf3 Qg5+ 20. Kb1 Nxe5 21.
Qf1 Nxd3 22. Rxd3 Bf5 23. Ka2 Bxd3 24. Qxd3 Re3 25. Qd2 Re5 26. Qc2 Rae8 27. g3
h3 28. Rf1 d4 29. Nd1 Re1 30. Rf4 R1e2 31. Qd3 R8e6 32. Qf3 Qd5 33. Qg4+ Kf8 34.
Qxh3 d3 35. Qh8+ Ke7 36. Qg7 Rg6 37. Qc3 Rc2 38. Qe1+ Re6 39. Qf1 Ree2 40. Qh3
Bd4 41. Qh4+ Kd7 42. Rxd4 Rcd2 43. Rxd5+ cxd5 44. Qg4+ Kc6 45. Nc3 Rxb2+ 46. Ka3
Rec2 47. Qd4 1-0

[Event "Titled Tue 24th Jun Early"]
[Site "chess.com INT"]
[Date "2025.06.24"]
[Round "10"]
[White "Llari, Marc"]
[Black "Bruhovich, Olexandr"]
[Result "1/2-1/2"]
[WhiteTitle "FM"]
[BlackTitle "CM"]
[WhiteElo "2334"]
[BlackElo "2208"]
[WhiteFideId "651044269"]
[BlackFideId "14119919"]
[EventDate "2025.06.24"]

1. b3 Nf6 2. Bb2 e6 3. e3 Be7 4. Nf3 d5 5. c4 c5 6. cxd5 exd5 7. d4 b6 8. Be2
O-O 9. O-O Bf5 10. Nc3 Nc6 11. Rc1 Rc8 12. Ba6 Rc7 13. Nb5 Rd7 14. a3 Nb8 15.
Ne5 Nxa6 16. Nxd7 Qxd7 17. dxc5 Qxb5 18. Bxf6 Bxf6 19. Qxd5 Be6 20. a4 Qxb3 21.
Qxb3 Bxb3 22. cxb6 axb6 23. Rb1 Nc5 24. Rfc1 Rd8 25. g3 Rd3 26. a5 Bd8 27. Kf1
bxa5 28. Rxc5 a4 29. Ke2 Rd7 30. Rc8 Kf8 31. Ra8 Ke7 32. Ra1 Rb7 33. h4 Bc7 34.
Ra6 Bd6 35. R6xa4 Bxa4 36. Rxa4 Ke6 37. Kf1 f5 38. Ra2 Rb6 39. Kg2 g6 40. Rc2 h6
41. Rd2 g5 42. hxg5 hxg5 43. Rc2 Be5 44. Kf3 Rb2 45. Rc6+ Kd5 46. Ra6 g4+ 47.
Kg2 Bd6 48. Ra5+ Bc5 49. Kf1 Rc2 50. Ra4 Ke5 51. Rf4 Rd2 52. Rc4 Bd6 53. Ra4 Rd5
54. Kg2 Rb5 55. Rc4 Rb4 56. Rc2 Ke4 57. Rd2 Be5 58. Rc2 Rb2 59. Rc4+ Kd5 60. Ra4
Bc3 61. Rf4 Ke6 62. Kf1 Rb1+ 63. Kg2 Rb2 64. Kf1 Be5 65. Ra4 Rb1+ 66. Kg2 Ra1
67. Rb4 Ra2 68. Rb6+ Bd6 69. Rc6 Ra4 70. Rc2 Be5 71. Rc6+ Kd5 72. Rc2 Rc4 73.
Rd2+ Ke4 74. Ra2 Rc5 75. Ra4+ Kd3 76. Ra3+ Bc3 77. Ra4 Ke2 78. e4 Re5 79. exf5
Rxf5 80. Rxg4 Rxf2+ 81. Kh3 Kf3 82. Rf4+ Ke3 83. Rxf2 Kxf2 84. g4 Kf3 85. g5 Kf4
86. Kh4 Kf5 87. Kh5 Bg7 88. g6 Kf6 89. Kg4 Kxg6 1/2-1/2

[Event "Titled Tue 24th Jun Early"]
[Site "chess.com INT"]
[Date "2025.06.24"]
[Round "10"]
[White "Miserendino, Alfredo"]
[Black "Sahetchian, Armand"]
[Result "1/2-1/2"]
[BlackTitle "CM"]
[WhiteElo "2032"]
[BlackElo "2024"]
[WhiteFideId "101800"]
[BlackFideId "607150"]
[EventDate "2025.06.24"]

1. e4 c5 2. Nf3 e6 3. d4 cxd4 4. Nxd4 Nc6 5. Nxc6 bxc6 6. c4 Bb4+ 7. Bd2 Bxd2+
8. Qxd2 d6 9. Nc3 Nf6 10. Bd3 O-O 11. O-O d5 12. cxd5 cxd5 13. exd5 Nxd5 14.
Nxd5 Qxd5 15. Rfd1 Bb7 16. Bf1 Qxd2 17. Rxd2 Bd5 18. b4 Rfc8 19. g3 Kf8 20. Bg2
Bxg2 21. Kxg2 Rab8 22. Rb2 Ke7 23. a4 Rc4 24. Rab1 Kd6 25. Kf3 a6 26. Rb3 Kc6
27. Ke3 Kb6 28. Kd3 Rbc8 29. f4 f6 30. Re1 R4c6 31. Re4 Rd8+ 32. Rd4 Rcd6 33.
Rxd6+ Rxd6+ 34. Ke3 Rd1 35. Rd3 Re1+ 36. Kf2 Re4 37. Rd6+ Kb7 38. Rd7+ Kc6 39.
Ra7 Rxb4 40. Rxa6+ Kd5 41. a5 e5 42. fxe5 fxe5 43. Ra7 Ke4 44. a6 Ra4 45. Rxg7
Ra2+ 46. Kf1 Rxh2 47. a7 Ra2 48. Rxh7 Kf3 49. Rf7+ Kxg3 50. Ke1 e4 51. Kd1 e3
52. Ke1 Kg4 53. Kd1 Kg3 54. Ke1 Kg4 55. Kd1 Kg3 1/2-1/2

[Event "Titled Tue 24th Jun Early"]
[Site "chess.com INT"]
[Date "2025.06.24"]
[Round "10"]
[White "Mekhitarian, Krikor Sevag"]
[Black "Ganzhurov, Roman"]
[Result "0-1"]
[WhiteTitle "GM"]
[BlackTitle "FM"]
[WhiteElo "2564"]
[BlackElo "2082"]
[WhiteFideId "2107660"]
[BlackFideId "4179501"]
[EventDate "2025.06.24"]

1. Nf3 Nf6 2. c4 g6 3. Nc3 Bg7 4. e4 d6 5. d4 O-O 6. h3 e5 7. dxe5 dxe5 8. Qxd8
Rxd8 9. Bg5 c6 10. Nxe5 Re8 11. O-O-O h6 12. Bf4 Na6 13. g4 Nxe4 14. Nxe4 Bxe5
15. Bxe5 Rxe5 16. Rd8+ Kg7 17. Nd6 Re1+ 18. Kd2 Rd1+ 19. Kc2 Rb8 20. Ne8+ Kf8
21. Rxd1 Kxe8 22. Kc3 Be6 23. Bd3 Nc5 24. Bc2 b5 25. cxb5 cxb5 26. b4 Nd7 27.
Bb3 Rc8+ 28. Kb2 Nb6 29. Bxe6 fxe6 30. Rhe1 Ke7 31. Kb3 Rf8 32. Rd3 Rxf2 33.
Rde3 Rf6 34. R1e2 Nc4 35. Rd3 e5 36. a4 a6 37. axb5 axb5 38. Re1 Ke6 39. Kc3 Rf2
40. Rd8 Rf3+ 41. Rd3 Rf2 42. Ra1 e4 43. Rd8 Ke5 44. Re8+ Kf4 45. Rf8+ Kg3 46.
Rxf2 Kxf2 47. Kd4 e3 0-1

[Event "Titled Tue 24th Jun Early"]
[Site "chess.com INT"]
[Date "2025.06.24"]
[Round "10"]
[White "Gong, Qianyun"]
[Black "Jahnz, Laurin"]
[Result "1-0"]
[WhiteTitle "WGM"]
[BlackTitle "CM"]
[WhiteElo "2228"]
[BlackElo "2221"]
[WhiteFideId "8602425"]
[BlackFideId "16261089"]
[EventDate "2025.06.24"]

1. d4 d5 2. c4 e6 3. Nf3 c6 4. g3 Bd6 5. Bg2 f5 6. O-O Nf6 7. b3 Qe7 8. a4 Nbd7
9. Ba3 O-O 10. Ne5 a5 11. Bxd6 Qxd6 12. Nxd7 Bxd7 13. Nc3 Ne4 14. Qc2 Be8 15. c5
Qe7 16. Nd1 g5 17. Rb1 Bg6 18. Qc1 f4 19. b4 fxg3 20. hxg3 Nxg3 21. fxg3 Rxf1+
22. Bxf1 Bxb1 23. Qxb1 Qf6 24. e3 Rf8 25. Bg2 e5 26. dxe5 Qxe5 27. Kh2 Rf6 28.
bxa5 Rh6+ 29. Kg1 Qxg3 30. a6 Qe1+ 31. Bf1 Qg3+ 32. Bg2 Qh2+ 33. Kf1 Rf6+ 34.
Nf2 Qg3 35. Qb2 Rf8 36. axb7 h5 37. a5 h4 38. a6 h3 39. Bh1 Qb8 40. Qe2 Qa7 41.
Kg1 Qxc5 42. Bf3 Qb6 43. Kh2 c5 44. Ng4 c4 45. Bxd5+ Kg7 46. Qxc4 Qd6+ 47. Kxh3
Rh8+ 48. Kg2 Rf8 49. Qd4+ Kg6 50. Be4+ 1-0

[Event "Titled Tue 24th Jun Early"]
[Site "chess.com INT"]
[Date "2025.06.24"]
[Round "10"]
[White "Sethuraman, Roshan"]
[Black "Zakin, Ilay"]
[Result "1/2-1/2"]
[BlackTitle "FM"]
[WhiteElo "2074"]
[BlackElo "2300"]
[WhiteFideId "30965250"]
[BlackFideId "2848279"]
[EventDate "2025.06.24"]

1. e4 c6 2. Nc3 d5 3. Nf3 dxe4 4. Nxe4 Bf5 5. Ng3 Bg4 6. Bc4 e6 7. h3 Bxf3 8.
Qxf3 Nd7 9. d4 Nb6 10. Qd3 Nxc4 11. Qxc4 Qd5 12. Qxd5 cxd5 13. c3 Bd6 14. Ne2
Nf6 15. O-O Ke7 16. f4 b5 17. f5 b4 18. fxe6 fxe6 19. Bg5 h6 20. Bh4 g5 21. Be1
bxc3 22. Bxc3 Ne4 23. Rae1 Rab8 24. Nc1 Rhc8 25. Rf3 Bb4 26. Bxb4+ Rxb4 27. Nb3
a5 28. a3 Rb5 29. Rfe3 a4 30. Nc5 Nxc5 31. dxc5 Rc6 32. Rd1 Rbxc5 33. Rd4 Ra6
34. h4 Kd6 35. hxg5 hxg5 36. Rg4 Rb6 37. Rxg5 Rc7 38. Rg4 Rxb2 39. Rxa4 Rc6 40.
Rg4 Rbc2 41. Rg6 Kc5 42. Rgxe6 Rxe6 43. Rxe6 d4 44. Re8 Ra2 45. Rc8+ Kd5 46.
Rd8+ Ke4 47. Kh2 d3 48. Re8+ Kf4 49. Rf8+ Ke3 50. Re8+ Kf2 51. Rf8+ Ke1 52. Kh3
d2 53. Re8+ Kf2 54. Rf8+ Ke2 55. Re8+ Kd3 56. Rd8+ Kc2 57. Rc8+ Kb2 58. Rd8 Kc1
59. g4 Rxa3+ 60. Kh4 d1=Q 61. Rxd1+ Kxd1 62. Kh5 Ke2 63. g5 Kf3 64. g6 Kf4 65.
Kh6 Kf5 66. g7 Ra8 67. Kh7 Ra7 68. Kh8 Rxg7 69. Kxg7 1/2-1/2